Right to Information Act, 2005 : (Record no. 135053)

MARC details
000 -LEADER
fixed length control field 00741nam a22002417a 4500
003 - CONTROL NUMBER IDENTIFIER
control field 0
005 - DATE AND TIME OF LATEST TRANSACTION
control field 20180723155833.0
008 - FIXED-LENGTH DATA ELEMENTS--GENERAL INFORMATION
fixed length control field 0
010 ## - LIBRARY OF CONGRESS CONTROL NUMBER
LC control number B-225751
020 ## - INTERNATIONAL STANDARD BOOK NUMBER
International Standard Book Number 0070611262
Terms of availability 00.00
035 ## - SYSTEM CONTROL NUMBER
System control number B-225751, B-225757
037 ## - SOURCE OF ACQUISITION
Source of stock number/acquisition Cen Lib/Ret
040 ## - CATALOGING SOURCE
Original cataloging agency DPL
Language of cataloging EN
Transcribing agency 0
082 ## - DEWEY DECIMAL CLASSIFICATION NUMBER
Classification number 342.540662
Item number YAS
100 ## - MAIN ENTRY--PERSONAL NAME
Personal name Yashada
9 (RLIN) 93900
245 ## - TITLE STATEMENT
Title Right to Information Act, 2005 :
Statement of responsibility, etc by Yashada
Remainder of title a primer /
260 ## - PUBLICATION, DISTRIBUTION, ETC. (IMPRINT)
Place of publication, distribution, etc New Delhi
Name of publisher, distributor, etc Tata McGraw-Hill Publishing Company
Date of publication, distribution, etc 2006
270 ## - ADDRESS
Address 7 West Patel Nagar
City New Delhi
Postal code 110008
300 ## - PHYSICAL DESCRIPTION
Extent xiv,155p.
Dimensions 22cm(Hb)
650 ## - SUBJECT ADDED ENTRY--TOPICAL TERM
Topical term or geographic name as entry element India. -- Right to Information Act, 2005
9 (RLIN) 93901
650 ## - SUBJECT ADDED ENTRY--TOPICAL TERM
Topical term or geographic name as entry element Freedom of information -- India
9 (RLIN) 40291
942 ## - ADDED ENTRY ELEMENTS (KOHA)
Source of classification or shelving scheme Dewey Decimal Classification
Koha item type English Books
Classification part 342.540662
Call number suffix YAS
Holdings
Withdrawn status Lost status Damaged status Not for loan Home library Current library Date acquired Source of acquisition Cost, normal purchase price Total Checkouts Total Renewals Full call number Barcode Date last seen Date checked out Copy number Cost, replacement price Price effective from Koha item type Source of classification or shelving scheme Collection code
        Central Library Central Library 30/09/2015 Cen Lib/Ret 0.00 9 3 342.540662 YAS B-225751 06/05/2026 04/04/2026 1 0.00 30/09/2015 English Books    
        Patel Nagar Patel Nagar 23/07/2018 BPPD/PUB 0.00     342.540662 YAS B-225757 23/07/2018     0.00 23/07/2018 English Books Dewey Decimal Classification Non-fiction
        Yojana Vihar Yojana Vihar 11/07/2019 BPPD/PUB 0.00     342.540662 YAS B-227889 11/07/2019   1 0.00 11/07/2019 English Books Dewey Decimal Classification Non-fiction

© Delhi Public Library
Hit Counter
free hit counter